000 00899nam a2200289 i 4500
003 EG-GICUC
005 20260223192710.0
008 260223s1955 ge ||||fr|||| 00| 0 ger d
040 _aEG-GiCUC
_bger
_cEG-GiCUC
_dEG-GiCUC
_erda
082 0 4 _221
_a341
_bBE . R
092 0 4 _221
099 _aLaw1 11 341 BE . R 1955
100 1 _aBerber, F. J
_eAuthor.
245 1 4 _aDie Rechtsquellen Des Internationalen Wassernutzungsrechts /
_b
_cF. J. Berber.
_n
264 1 _aMünchen :
_bR. Oldenbourg Verlag ,
_c1955.
300 _a206pages :
_billustrations,
_c24 cm
336 _2rda content
_atext
337 _2rda media
_aComputer
338 _2rda carrier
_aOnline Resource
504 _a
546 _a Text in German
650 1 4 _aPublic international law
_2
651 1 _2
856 4 0 _uhttps://fll.law.cu.edu.eg/fulltext/bks/B11-07862.pdf
905 _a50
942 _2ddc
_cBK
_e21
_n0
999 _c64086
_d64086